Zgadnij Loga#2 - Statystyki

Ogólne statystyki
  • Ten quiz został rozwiązany 241 razy
  • Średni wynik to 15 z 16
Statystyki odpowiedzi
Obrazkowy Odpowiedź % Poprawnych
Snapchat
100%
TikTok
100%
Facebook
99%
Samsung
99%
Amazon
98%
Visa
97%
Wikipedia
97%
Lays
95%
JetPunk
94%
Windows
93%
Microsoft
92%
Tesla
91%
Cartoon Network
88%
NewBalance
88%
WhatsApp
87%
Igrzyska Olimpijskie
55%
Nie znaleziono quizów pasujących do podanych kryteriów
Rozkład punktacji
Procent ludzi z każdym wynikiem
Percentyl według liczby udzielonych odpowiedzi
Twoja historia wyników
Nie rozwiązałeś tego quizu